Opis ról i modyfikatorów z moda Town Of Us w Among Us. - Statystyki

Ogólne statystyki
  • Ten quiz został rozwiązany 433 razy
  • Średni wynik to 20 z 34
Statystyki odpowiedzi
Co robi dana rola/modyfikator Rola/modyfikator % Poprawnych
Jeśli znajdziesz ciało, możesz je ożywić za pomocą specjalnego przycisku, lecz wtedy sam giniesz. Altruist
85%
Błazen, którego zadaniem jest być wygłosowanym. Jeśli to się stanie, wygrywasz tylko ty. Jester
85%
Impostor, który może sprzątać ciała. Janitor
79%
Klasa, która może raz na grę dać komuś "tarczę", czyli nieśmiertelność. Nie da się go zabić, a jeśli ktoś spróbuję to zrobić, klasa ta ma zielony ekran. Kiedy zgłosisz ciało jako ta klasa, na chatcie masz wskazówki dotyczące ciała i zabójcy. Medic
78%
Możesz cofać czas co jakiś czas, by wskrzesić graczy, lub pomóc w znalezieniu impostora. Time Lord
77%
Możesz ventować jako crewmate, oraz raz na rundę/grę (zależy od ustawień) naprawić sabotage z dowolnego miejsca na mapie. Engineer
74%
Zakochana para, która jeśli zostanie do samego końca wygrywa, lecz jeśli jeden z tych graczy zginie, drugi też. Lovers
73%
Impostor, który może kopać własne venty i między nimi chodzić. Miner
72%
Twoim zadaniem jest oblanie innych graczy benzyną, żeby potem ich podpalić. Arsonist
70%
Grasz sam. Możesz zabijać, hackować i mimicować innych. Twoim zadaniem jest pozbycie się wszystkich graczy i pozostanie jedynym graczem na mapie. Glitch
70%
Crewmate, który podczas głosowanie może zamieniać głosy pomiędzy dwoma osobami na meetingu. Swapper
69%
Impostor, który co jakiś czas może stać się niewidzialny. Swooper
69%
Szpieg, który na admin panelu widzi kolory graczy, a na vitalsach widzi ile sekund temu padło dane ciało. Spy
68%
Klasa, dzięki której możesz zabić impostora, jako crewmate! Sheriff
67%
To swego rodzaju jasnowidz, który co jakiś czas może sprawdzać rolę/drużynę (zależy od ustawień) graczy. Seer
63%
Jeśli skończysz wszystkie taski, pokazują ci się impostorzy, ale oni też wiedzą twoją klasę. Snitch
61%
Klasa, która może oddać więcej niż jeden głos, lecz musi nazbierać głosy, klikając przycisk abstain. Może ona zavotewać tyle razy, ile zabstainowała, i wyrzucić kogoś ze statku. Jeśli ta klasa kliknie abstain, głosu jakby nie ma. Mayor
60%
Impostor, który może się zmieniać w innych graczy, żeby wrobić ich w morderstwo lub vent. Morphling
59%
Nie zdaje sobie on sprawy, że nim jest, dopóki zginie. Dostaje on wtedy nowy zestaw tasków, i jeśli je ukończy to wygrywa. Widać go jako duch. Phantom
59%
Impostor, który może przeciągać ciała, i biegać z nimi wolniej. Undertaker
58%
Gdy gasną śiwtła, tobie i tak zostaje duża wizja. Torch
57%
Możesz kliknąć guzik w dowolnym miejscu na mapie, nawet podczas sabotageu. Button Barry
56%
Jesteś wielki, gruby, i wolny. Giant
54%
Klasa, dzięki której widzisz kroki innych graczy. Investigator
51%
Kat, który ma za zadanie wygłosować losowo wybranego przez grę gracza. Jeśli się to stanie, wygrywa. Celem kata nie może być impostor ani rola neutralna Executioner
49%
Masz superspeeda! Flash
49%
Możesz zamieniać się z innymi osobami rolami, lecz jak trafisz na impostora lub Glitcha to umierasz. Shifter
44%
Impostor, który może sprawić, że wszyscy wyglądają tak samo (szarzy bez żadnych skinów, petów, czapek itd). Ma wtedy świetną okazję, aby zabić. Camouflager
42%
Impostor, który jak jest sam, to ma większy cooldown, lecz gdy jest sam ma go mały. Underdog
41%
Impostor, który na meetingu może wytypować klasę innej osoby, jeśli wytypuje dobrze osoba umiera, lecz jeśli wytypuje źle, to umiera impostor. Asassin
39%
Klasa, dzięki której jesteś wielkości peta. Jeśli ktoś cię zabije, to gra się kończy i nikt nie wygrywa, nawet ty. Child
38%
Jesteś pijany, i masz odwrócone sterowanie Drunk
38%
Twój głos gdy jest remis w voteowaniu ma szczegówlne znaczenie, bo wtedy ososba na którą zagłosowałeś wylatuje. Tiebreaker
36%
Jeśli impostor cię zabije, to wtedy jednorazowo ma trzy razy większy cooldown. Diseased
17%
Nie znaleziono quizów pasujących do podanych kryteriów
Rozkład punktacji
Procent ludzi z każdym wynikiem
Percentyl według liczby udzielonych odpowiedzi
Twoja historia wyników
Nie rozwiązałeś tego quizu